|
|
|
|
| LEADER |
00000nam0a2200000 4500 |
| 001 |
47188 |
| 005 |
20231031025728.0 |
| 010 |
|
|
|a 5247012631
|
| 035 |
|
|
|a (RuTPU)RU\TPU\book\49287
|
| 090 |
|
|
|a 47188
|
| 100 |
|
|
|a 20030204d1990 k y0rusy50 ca
|
| 101 |
1 |
|
|a rus
|c eng
|
| 102 |
|
|
|a RU
|
| 105 |
|
|
|a ab z 001zy
|
| 200 |
1 |
|
|a Геологические структуры
|e пер. с англ.
|f под ред. Т. Уемуры и Ш. Мицутани; пер. Е. Н. Толстой
|
| 210 |
|
|
|a Москва
|c Недра
|d 1990
|
| 215 |
|
|
|a 291 с.
|c ил.
|
| 320 |
|
|
|a Библиогр.: с. 285-298.
|
| 610 |
1 |
|
|a геология
|
| 610 |
1 |
|
|a геологические структуры
|
| 610 |
1 |
|
|a примеры
|
| 610 |
1 |
|
|a трещины
|
| 610 |
1 |
|
|a разломы
|
| 610 |
1 |
|
|a поля напряжений
|
| 610 |
1 |
|
|a горные породы
|
| 610 |
1 |
|
|a кливаж
|
| 610 |
1 |
|
|a складки
|
| 610 |
1 |
|
|a складкообразование
|
| 610 |
1 |
|
|a течение
|
| 610 |
1 |
|
|a трещиноватость
|
| 610 |
1 |
|
|a скальные основания
|
| 675 |
|
|
|a 551.243
|v 3
|
| 702 |
|
1 |
|a Уемура
|b Т.
|g Такеши
|4 340
|
| 702 |
|
1 |
|a Мицутани
|b Ш.
|g Шинджиро
|4 340
|
| 702 |
|
1 |
|a Толстая
|b Е. Н.
|4 730
|
| 801 |
|
1 |
|a RU
|b 63413507
|c 20030204
|g PSBO
|
| 801 |
|
2 |
|a RU
|b 63413507
|c 20131210
|g PSBO
|
| 942 |
|
|
|c BK
|